00459nam a2200157Ia 4500008005200000082001800052100002000070245004400090250000800134260003800142300001700180440002700197650002000224650002300244650003400267200103s 2010 ||||xx |||||||||||||| ||und|| a623.8171bSUB aSubramaniam, H. 0aShip stability at the operational level a2nd bVijaya Publicationsc2010aMumbai a290 p.: ill. aNutshell Series Book 4 aSimpson's rules aHydrostatic tables aTransverse statical stability